000 00782cab a2200241 4500
001 ABS52047
008 090401t1995 xxu||||| |||| 00| 0 eng d
035 _a(Sirsi) u56551
041 _aeng
100 _aHines, J.
245 _aBreathing walls
260 _c1995
350 _a0
490 _aArchitects` Journal
_v201(4) 26 January 1995, 49-51(3)
520 _aDiscusses the behaviour of breathing walls which are claimed to reduce pollution and save energy and looks at recent developments.
650 _aBREATHING WALLS
650 _aDIFFUSIVE INSULATION
650 _aDYNAMIC INSULATION
650 _aBUILT ENVIRONMENT-BUILDING ELEMENTS-COMPLETE BUILDING ELEMENTS-WALLS
690 _aBUILT ENVIRONMENT-CONSTRUCTION DESIGN
942 _n0
948 _c04/03/1997
999 _c34495
_d34495